El derecho penal entre la ley y el juez : (Registro nro. 239217)

Detalles MARC
000 -LEADER
fixed length control field 02054nam a2200481Ii 4500
001 - CONTROL NUMBER
control field DIGDYK0597
003 - CONTROL NUMBER IDENTIFIER
control field NyNyDIG
006 - FIXED-LENGTH DATA ELEMENTS--ADDITIONAL MATERIAL CHARACTERISTICS
fixed length control field m o d
007 - PHYSICAL DESCRIPTION FIXED FIELD--GENERAL INFORMATION
fixed length control field cr |||||||||||
008 - FIXED-LENGTH DATA ELEMENTS--GENERAL INFORMATION
fixed length control field 220901s2013 sp o 000 0 spa d
035 ## - SYSTEM CONTROL NUMBER
System control number (OCoLC)889258978
040 ## - CATALOGING SOURCE
Original cataloging agency DGITA
Language of cataloging eng
Description conventions rda
-- pn
Transcribing agency DGITA
020 ## - INTERNATIONAL STANDARD BOOK NUMBER
International Standard Book Number 9788490315200
Qualifying information pdf
020 ## - INTERNATIONAL STANDARD BOOK NUMBER
Canceled/invalid ISBN 9788490313763
041 1# - LANGUAGE CODE
Language code of text/sound track or separate title spa
Language code of original ita
050 14 - LIBRARY OF CONGRESS CALL NUMBER
Classification number K5051 ebook
100 1# - MAIN ENTRY--PERSONAL NAME
Personal name Fiandaca, Giovanni,
Relator term author.
240 10 - UNIFORM TITLE
Uniform title Diritto penale tra legge e giudice.
Language of a work Spanish
Version (Ventura Saavedra)
245 13 - TITLE STATEMENT
Title El derecho penal entre la ley y el juez :
Remainder of title estudios de derecho penal /
Statement of responsibility, etc. Giovanni Fiandaca ; presentación de Luis Miguel Reyna Alfaro ; traducción a cargo de Karen Ventura Saavedra.
264 #1 - PRODUCTION, PUBLICATION, DISTRIBUTION, MANUFACTURE, AND COPYRIGHT NOTICE
Place of production, publication, distribution, manufacture Madrid :
Name of producer, publisher, distributor, manufacturer Dykinson, S.L.,
Date of production, publication, distribution, manufacture, or copyright notice 2013.
300 ## - PHYSICAL DESCRIPTION
Extent 1 online resource.
336 ## - CONTENT TYPE
Content type term text
Content type code txt
Source rdacontent
337 ## - MEDIA TYPE
Media type term computer
Media type code c
Source rdamedia
338 ## - CARRIER TYPE
Carrier type term online resource
Carrier type code cr
Source rdacarrier
347 ## - DIGITAL FILE CHARACTERISTICS
File type text file
Source rdaft
347 ## - DIGITAL FILE CHARACTERISTICS
Encoding format PDF
490 1# - SERIES STATEMENT
Series statement Cuadernos "Luis Jiménez de Asúa" ;
Volume/sequential designation 39
588 0# - SOURCE OF DESCRIPTION NOTE
Source of description note Online resource; title from PDF title page (Digitalia, viewed September 1, 2022)
650 #0 - SUBJECT ADDED ENTRY--TOPICAL TERM
Topical term or geographic name entry element Criminal law
General subdivision Interpretation and construction.
650 #0 - SUBJECT ADDED ENTRY--TOPICAL TERM
Topical term or geographic name entry element Criminal law
General subdivision Philosophy.
650 #0 - SUBJECT ADDED ENTRY--TOPICAL TERM
Topical term or geographic name entry element Judicial discretion.
655 #0 - INDEX TERM--GENRE/FORM
Genre/form data or focus term Electronic books.
700 1# - ADDED ENTRY--PERSONAL NAME
Personal name Reyna Alfaro, Luis Miguel,
Relator term contributor agent of text.
700 1# - ADDED ENTRY--PERSONAL NAME
Personal name Ventura Saavedra, Karen,
Relator term translator.
700 1# - ADDED ENTRY--PERSONAL NAME
Relationship information Translation of:
Personal name Fiandaca, Giovanni.
Title of a work Diritto penale tra legge e giudice.
791 2# -
-- Digitalia (Firm),
-- distributor.
793 0# -
-- Digitalia eBook Collection:
-- Dykinson Editorial
776 08 - ADDITIONAL PHYSICAL FORM ENTRY
Relationship information Print version:
Main entry heading Fiandaca, Giovanni.
Uniform title Diritto penale tra legge e giudice. Spanish (Ventura Saavedra).
Title Derecho penal entre la ley y el juez.
Place, publisher, and date of publication Madrid : Dykinson, S.L., [2013]
International Standard Book Number 9788490313763
830 #0 - SERIES ADDED ENTRY--UNIFORM TITLE
Uniform title Cuadernos "Luis Jiménez de Asúa" ;
Volume/sequential designation 39.
856 40 - ELECTRONIC LOCATION AND ACCESS
Materials specified Digitalia Hispánica
Uniform Resource Identifier <a href="https://www.digitaliapublishing.com/a/28568/">https://www.digitaliapublishing.com/a/28568/</a>
910 ## - USER-OPTION DATA (OCLC)
User-option data Premium collection: 2022
942 ## - ADDED ENTRY ELEMENTS (KOHA)
Koha item type Recurso Electrónico
Existencias
Withdrawn status Lost status Damaged status Not for loan Collection Home library Current library Date acquired Total checkouts Date last seen Price effective from Koha item type
        Digitalia Ebooks Hispanica Biblioteca Digital UIN Biblioteca Digital UIN 04/25/2025   04/25/2025 04/25/2025 Recurso Electrónico

CONTACTO


NOSOTROS


SITIOS DE INTERES

coordinacion.biblioteca.biblioteca@unienlinea.mx Misión, Visión y Objetivos Bases de datos
Directorio Bibliotecas Digitales y Repositorios
Normatividad Revistas y artículos
Convenios interbibliotecarios
Boletines



Hecho en México. Universidad Insurgentes (UIN). Todos los derechos reservados 2024. Esta página y sus contenidos pueden ser reproducidos con fines no lucrativos, siempre y cuando no se mutile, se cite la fuente completa y su dirección electrónicas. De otra forma requiere permiso previo por escrito de la institución




2024 Copyright Universidad Insurgentes | www.bibliouin.com.mx